Holiday Quiz

Random Holiday or Cartoons Quiz
Score 0/18 Timer 03:00
0 Plays Today
% Correct
RUDOLPH the
Red-Nosed Reindeer
95%
FROSTY the Snowman
94.4%
EBENEZER Scrooge
92.3%
CINDY LOU Who
90.2%
KEVIN McCallister
89.7%
BUDDY Hobbs
87.7%
GONZO
87.7%
CHARLIE Brown
85.7%
JESSICA Claus
85.6%
% Correct
GIZMO
84%
GEORGE Bailey
83.3%
YUKON Cornelius
83.1%
RALPHIE Parker
80.3%
CLARK Griswold
79.8%
JACK Skellington
77.1%
WILLIE T. Stokes
59.4%
AARON
(The Little Drumer Boy)
59%
KRIS Kringle
58.3%
Remove Ads.
Support Sporcle.
Get the best of Sporcle when you Go Orange. This ad-free experience offers more features, more stats, and more fun while also helping to support Sporcle. Thank you for becoming a member.

You're not logged in!

Compare scores with friends on all Sporcle quizzes.
OR
Log In

Sporcle TV

Today on Sporcle TV


Watch our educational content, quiz creation guides, and fun videos on Sporcle TV.

Show Comments

Extras

Top Quizzes Today


Score Distribution

Paid Content

Your Account Isn't Verified!

In order to create a playlist on Sporcle, you need to verify the email address you used during registration. Go to your Sporcle Settings to finish the process.

Report this User

Report this user for behavior that violates our Community Guidelines.

Details: